000 00334nam a2200145Ia 4500
003 OSt
005 20240223144136.0
008 170524s9999 xx 000 0 und d
020 _a978-9325963474
040 _cIIMT UNIVERSITY
100 _aKalavathy S
245 0 _aOPERATIONS RESEARCH
260 _aNew Delhi Vikas
942 _2ddc
_c02
999 _c3002
_d3002